Największe miasta w województwie pomorskim - Statystyki

Ogólne statystyki
  • Ten quiz został rozwiązany 986 razy
  • Średni wynik to 14 z 20
Statystyki odpowiedzi
Lp Populacja Miasto % Poprawnych
1 468.158 Gdańsk
100%
2 246.244 Gdynia
100%
11 35.827 Sopot
93%
3 90.769 Słupsk
87%
5 49.652 Wejherowo
81%
4 60.120 Tczew
79%
9 38.465 Malbork
76%
7 47.775 Starogard Gdański
73%
8 39.890 Chojnice
71%
6 49.160 Rumia
71%
12 35.333 Lębork
62%
15 23.776 Kościerzyna
61%
20 11.213 Puck
58%
10 38.444 Kwidzyn
57%
13 31.135 Pruszcz Gdański
57%
14 26.011 Reda
57%
18 14.536 Kartuzy
55%
16 16.918 Bytów
54%
17 15.460 Ustka
51%
19 13.649 Człuchów
42%
Nie znaleziono quizów pasujących do podanych kryteriów
Rozkład punktacji
Procent ludzi z każdym wynikiem
Percentyl według liczby udzielonych odpowiedzi
Twoja historia wyników
Nie rozwiązałeś tego quizu